000 01821nam a2200229Ia 4500
003 Ost
005 20260507075726.0
008 260507s9999||||xx |||||||||||||| ||und||
040 _cfsecg
041 _aara
082 _a346.02
100 _aابو السعود، رمضان
_eمؤلف
245 0 _aشرح العقود المسماة في عقدي البيع والمقايضة /
_c رمضان ابو السعود
260 _aالاسكندرية:
_bدار المطبوعات الجامعية,
_c2004
300 _a462 صفحة؛
_c24 سم
520 _aالقسم الاول : عقد البيع التعريف بالبيع ؛ عناصر عقد البيع ؛ تميز عقد البيع عن غيره من العقود ، الباب الاول : أركان عقد البيع وجود التراضي في عقد البيع ، التراضي على البيع ، وجود المبيع ، التراضي على الثمن ، صور التراضي على عقد البيع ، صور التراضي على عقد البيع بصفة عامة ، التبايع بطريق النيابة الباب الثاني : أثار عقد البيع التزامات البائع ، الالتزام بنقل ملكية المبيع ، الالتزام بتسليم المبيع ، ضمان التعرض والاستحقاق ، ضمان العيوب الخفية التزامات المشتري ، التزامات المشتري بالوفاء بالثمن ، التزمات المشتري بدافع نفقات ومصروفات البيع ، التزامات المشتري بتسليم المبيع القسم الثاني : عقد المقايضة
653 _aالبيع
653 _aالعقود
653 _aالقانون المدنى--مصر
653 _aعقود البيع
942 _cكتاب
999 _c45979
_d45979